书目信息 |
| 题名: |
数学是什么?
|
|
| 作者: | 柯朗 , Courant , Robbins , 罗宾斯 著 ;左平 , 张饴慈 译 | |
| 分册: | ||
| 出版信息: | 北京 科学出版社 1985 |
|
| 页数: | 671页 | |
| 开本: | 19cm | |
| 丛书名: | ||
| 单 册: | ||
| 中图分类: | O1-49 , O1 | |
| 科图分类: | ||
| 主题词: | 数学 , 数学--普及读物 | |
| 电子资源: | ||
| ISBN: | ||
| 000 | 00992nam0 2200349 45 | |
| 001 | 0185010529 | |
| 005 | 20060805174244.98 | |
| 010 | @dCNY3.95 | |
| 091 | @a13031.2767 | |
| 100 | @a19900829d1985 emky0chiy0121 ea | |
| 101 | 1 | @achi@ceng |
| 102 | @aCN@b110000 | |
| 105 | @ay z 000yy | |
| 200 | 10 | @a数学是什么?@Ashu xue shi shen mo@f(美)柯朗(Courant,R.), (美)罗宾(Robbins,H.)著@g左平, 张饴慈译 |
| 210 | @a北京@c科学出版社@d1985 | |
| 215 | @a671页@d19cm | |
| 300 | @a书名原文:What is mathematics | |
| 304 | @a著者通译:罗宾斯 | |
| 510 | 1 | @aWhat is mathematics@zeng |
| 606 | 0 | @a数学 |
| 606 | @a数学@x普及读物 | |
| 690 | @aO1-49@v3 | |
| 690 | @aO1 | |
| 701 | 1 | @a柯朗@Ake lang@bR.@4著 |
| 701 | A1 | @aCourant@bR.@4著 |
| 701 | A1 | @aRobbins@bH.@4著 |
| 701 | 1 | @a罗宾斯@Aluo bin si@bH.@4著 |
| 702 | 0 | @a左平@Azuo ping@4译 |
| 702 | 0 | @a张饴慈@Azhang yi ci@4译 |
| 801 | 2 | @aCN@bNLC@c20060805 |
| 801 | 0 | @aCN@b深圳图书馆@c20040521 |
| 905 | @f2@b127050-051@dO1@e120 | |
| 数学是什么?/(美)柯朗(Courant,R.), (美)罗宾(Robbins,H.)著/左平, 张饴慈译.-北京:科学出版社,1985 |
| 671页;19cm |
| 书名原文:What is mathematics |
| ISBN :CNY3.95 |
| ● |
| 相关链接 |
|
|
|
|
正题名:数学是什么?
索取号:O1/120
 
预约/预借
| 序号 | 登录号 | 条形码 | 馆藏地/架位号 | 状态 | 备注 |
| 1 | 0127050 | 001247680 | 第三借阅区/ [索取号:O1/120] | 在馆 | |
| 2 | 0127051 | 001247644 | 第三借阅区/ [索取号:O1/120] | 在馆 | |
| 3 | 0127052 | 202091789 | 第二样本阅览室/ [索取号:O1/120] | 在馆 | |
| 4 | 0449721 | 204497213 | 密集书库/ [索取号:O1/120] | 在馆 |